Statistics for All Time Low Songs

Click here to take the quiz!

General Stats

  • This quiz has been taken 128 times
    (81 since last reset)
  • The average score is 13 of 24

Answer Stats

HintAnswer% Correct
In a city of fools, I was careful and cool, but they tore me apart like a hurricane, a handful of moments I wished I could change, but I was carried awayTherapy
87%
You're only happy when I'm wasted, I point my finger but I just can't place it, feels like I'm falling in love, when I'm falling to the bathroom floorStella
86%
I heard that you've been self-medicating in the quiet of your room, your sweet, suburban tomb, and if you need a friend, I'll help you stitch up your woundsMissing you
84%
Live and let live you'll be the showgirl of the home-team, I'll be the narrator, telling another tale of the american dreamDear maria count me in
72%
Started with a bottle of cheap champagne, now she's got me hooked on it like good cocaine, she's so numb, miss novocaineThat girl
71%
I fought it for a long time now, while drowning in a river of denial, I washed up, fixed up, picked up all my broken thingsDamned if I do ya (damned if I don't)
68%
Take off your shirt, your shoes, those skinny jeans I bought for you, we're diving in, there's nothing left to loseWalls
68%
When I was younger I was certain, that I'd be fine without a queen, just a king inside his castle, with an ocean in between, now all I do is sit, and count the miles from you to meOh, calamity!
62%
Late 2005, the boy's got plans as crazy as his friends, they take their chances driving west alone, give 'em six more years, and see what time will do for hopeless dreamers, singing wishes to their broken stereoSo long soldier
61%
Well they can take, take, take the kids from the summer, but they'll never, never, never take the summer from me, It was the very first time that I lost my mind for the weekThe beach
61%
It's a long way home, when you're on your own, and your only friends are the traffic lights, speaking in morse codeThe edge of tonight
57%
Just sit back, enjoy the show, it's the weekend, no place to go you're the cherry, I'm a cigarette, chasing after midnight with youDon't you go
55%
Oh, give it up for at least a second I'm getting sick of your bullshit attitude, and how you walk around like you shine brighter, it's killing meDo you want me (dead?)
55%
Tonight, we lie awake, remember how the coffee made us shake on those long drives? One more long nightVegas
52%
I am a critic, of my only critical need to define myself, with wine, and words, and lovers, and friends who don't understandCanals
51%
I’m just a moment, so don’t let me pass you by, we could be a story in the morning, but we’ll be a legend tonightOutlines
41%
Hey, thanks for the number, I'm not gonna call you, 'cause that won't work, you like to play hide-and-go-get-her, you like me better when I play the jerkBad enough for you
35%
Don't forget, we've got unfinished business, stories yet to unfold, tales that must be retoldRunning from lions
35%
Strip club in a strip mall million ways to die, all the things we lost in the backseat of the skySatellite
35%
Carry on home, I'll be waiting miles and miles away, leaving you to be forever seventeen, cleaning up the messes that you've madeyThe girl's a straight up hustler
32%
Baby, don't fret, at least we're alive with just enough breath to truly despise, the hills in the carpet, knots in the ties that bind us so tightly to our waking livesUnder a paper moon
32%
You are the taste of something sweet, and I'm tangled in the sheets, you left your mark, dragged down my back, so chain me up, I'm in too deep, too much of you is never enoughHolly (would you turn me on?)
29%
Hey, kid, you've got, a lot of potential but I think its time to move up, so go on and blow us away with your soundThe party scene
28%
Luck loves me not tonight, i'm running out, this four leaf clover's all but useless nowBreak out! Break out!
20%

Score Distribution

Percentile by Number Answered

Percent of People with Each Score

Your Score History

You have not taken this quiz since the last reset